| 000 | 00550nam a22001937a 4500 | ||
|---|---|---|---|
| 999 |
_c527801 _d527801 |
||
| 003 | NUST | ||
| 005 | 20190809100921.0 | ||
| 008 | 190809b ||||| |||| 00| 0 eng d | ||
| 038 | _aMr.Noman | ||
| 082 | _a658.4 | ||
| 100 |
_aHayder. Muhammad Zubair _919242 |
||
| 245 |
_aExploring Opportunities Through M2M In Pakistan / _cMuhammad Zubair Hayder. |
||
| 260 |
_aIslamabad: _bNBS - NUST, _c2014. |
||
| 300 |
_a114 p.: ill.; _c30cm. |
||
| 500 | _aHardcover. | ||
| 650 |
_aEMBA Thesis. _917645 |
||
| 700 |
_aUmar Ahmad. _919104 |
||
| 942 |
_2ddc _cTHE |
||